| 000 | nam a22 a 4500 | ||
|---|---|---|---|
| 999 |
_c3449 _d3449 |
||
| 005 | 20170523090005.0 | ||
| 008 | 170523s2001 cau||||| |||| 00| 0 eng d | ||
| 020 | _a 1560525908 (pbk.) | ||
| 040 | _aAKMAL | ||
| 082 | _a658.45 BON | ||
| 090 |
_a658.45 _bBON |
||
| 100 | 1 |
_aRomero, Diana Bonet, _d1942- _96936 |
|
| 245 | 1 | 4 |
_a The business of listening : _b a practical guide to effective listening / _c Diana Bonet. |
| 250 | _a3rd ed. | ||
| 260 |
_aMenlo Park, Calif. : _b Crisp Learning, _c c2001. |
||
| 300 |
_a viii, 104 p. : _b ill. ; _c26cm |
||
| 490 | 1 | _a A Fifty-Minute series book | |
| 504 | _a Includes bibliographical references (p. 102). | ||
| 650 |
_abusiness _96937 |
||
| 942 |
_2ddc _cBOOK |
||